00795cam a2200205 a 4500020002800000040000800028082002600036100002200062245008600084260003000170300003500200650001300235650003100248700002300279856006200302856005400364942000700418999001700425952014700442 a0256219613 (alk. paper) cDLC00a384 IRW 1997 A012 Or.1 aCarr, Houston H.,14aThe management of telecommunications :bbusiness solutions to business problems / aChicago :bIrwin,cc1997. axxiv, 726 p. :bill. ;c24 cm. 0aBusiness 0aTelecommunication systems.1 aSnyder, Charles A.42uhttp://www.loc.gov/catdir/description/mh022/96038964.html41uhttp://www.loc.gov/catdir/toc/mh022/96038964.html cEK c14024d14024 0010406384_000000000000000_IRW_1997_A012_OR70965684aLBAbLBAcA012d2017-10-04o384 IRW 1997 A012 Or.pA21408r2017-10-04w2017-10-04yEK